Catálogo
 En Linea

Los biografiados / (Registro nro. 8234)

Detalles MARC
000 -CABECERA
campo de control de longitud fija 00529cam a2200181 a 4500
001 - NÚMERO DE CONTROL
campo de control 000008463
005 - FECHA Y HORA DE LA ÚLTIMA TRANSACCIÓN
campo de control 20200929161339.0
008 - DATOS DE LONGITUD FIJA--INFORMACIÓN GENERAL
campo de control de longitud fija 840620s1983 cu 001 0 spa
040 ## - FUENTE DE LA CATALOGACIÓN
Centro catalogador/agencia de origen DO-SdBNP
Lengua de catalogación spa
Centro/agencia transcriptor BNPHU
082 ## - NÚMERO DE LA CLASIFICACIÓN DECIMAL DEWEY
Número de clasificación Cu863.44
Número de documento/Ítem C335b
100 1# - ENTRADA PRINCIPAL--NOMBRE DE PERSONA
Nombre de persona Casasayas Comas, Carlos M.,
Fechas asociadas al nombre 1923-
9 (RLIN) 22766
245 14 - MENCIÓN DE TÍTULO
Título Los biografiados /
Mención de responsabilidad, etc. Carlos Casasayas Comas.
260 ## - PUBLICACIÓN, DISTRIBUCIÓN, ETC.
Lugar de publicación, distribución, etc. La Habana :
Nombre del editor, distribuidor, etc. Letras Cubanas,
Fecha de publicación, distribución, etc. 1983.
300 ## - DESCRIPCIÓN FÍSICA
Extensión 241 p. ;
Dimensiones 18 cm.
490 1# - MENCIÓN DE SERIE
Mención de serie Espiral
650 #4 - PUNTO DE ACCESO ADICIONAL DE MATERIA--TÉRMINO DE MATERIA
Término de materia o nombre geográfico como elemento de entrada Novela cubana
9 (RLIN) 2316
650 #4 - PUNTO DE ACCESO ADICIONAL DE MATERIA--TÉRMINO DE MATERIA
Término de materia o nombre geográfico como elemento de entrada Literatura cubana
9 (RLIN) 1483
Existencias
Estado de retiro Estado de pérdida Restricciones de uso No para préstamo Código de colección Localización permanente Ubicación/localización actual Ubicación en estantería Fecha de adquisición Número de inventario Total de préstamos Signatura topográfica completa Código de barras Fecha visto por última vez Precio válido a partir de Tipo de ítem Koha Número de copia
      Excluido de préstamo Monografías: Libros y Folletos General General Depósito 16.09.2009 LF1   Cu863.44 C335b 8463-10 25.06.2020 25.06.2020 No se presta  
  Extraviado   Excluido de préstamo Monografías: Libros y Folletos General General Extraviado 19.05.2017 LF1   Cu863.44 C335b 8463-20 25.06.2020 25.06.2020 No se presta e. 2

Con tecnología Koha